00346nam a2200145Ia 45000030006000000080041000060400015000471000023000622450019000852500006001042600053001103000006001635460014001690050017001830STCL150530s9999 xx 000 0 und d aSTCLcSTCL aGopalakrishnan, K. aV.C. Krithikal a1 bKerala Sahitya Academi; Thrissurc1997aThrissur a0 aMalayalam20220125170725.0